000 00389nam a2200169Ia 4500
005 20250423100634.0
008 250422s9999 xx 000 0 und d
020 _a0- 393- 95773- X
050 _aQC23.04/
100 _aHans C. Ohanian
245 0 _aPrinciples of physics
260 _bW.W. Norton & company
260 _c1994
300 _a915 p
650 _aPhysics
942 _cBK
999 _c33911
_d33911